000 03154cam a22011894i 4500
003 PE-LiUPU
005 20250813185511.0
008 150625s r 000 0 d
020 _a8480555572
035 _a(Sirsi) i9788480555579
040 _aPE-LiUPU
_bspa
_cPE-LiUPU
_erda
049 _aPRUA
082 0 4 _a384
_bE86
_221
245 0 0 _aTécnico :
_ben telecomunicaciones.
_n3 /
_cJulian Espinosa de los Monteros, coord.
264 1 _aMadrid :
_bCultural,
_c2002.
300 _a538 páginas :
_bilustraciones, figuras, Tablas ;
_c25 cm.
336 _atext
_2rdacontent
337 _aunmediated
_2rdamedia
338 _avolume
_2rdacarrier
505 0 _aComunicaciones vía satélite: Estructura genérica. -Geometría del enlace por satélite. -Características de la comunicación por satélite. Comunicaciones moviles: Introducción a las comunicaciones moviles. -El espectro radioeléctrico. -Sistema de radiomensajería. -Los sistemas móviles celulares. Geometría celular. -Evolución de la telefonía móvil. Futuros sistemas móviles.
526 _aP202
526 _aP201
526 _aP163
526 _aP162
526 _aP161
526 _aP160
526 _aP148
526 _aP147
526 _aP146
526 _aP145
526 _aP144
526 _aP143
526 _aP142
526 _aP141
526 _aP140
526 _aP139
526 _aP138
526 _aP137
526 _aP136
526 _aP135
526 _aP134
526 _aP133
526 _aP129
526 _aP128
526 _aP127
526 _aP120
526 _aP119
526 _aP118
526 _aP116
526 _aP115
526 _aP114
526 _aP110
526 _aP109
526 _aP108
526 _aP104
526 _aP103
526 _aP102
526 _aP99
526 _aP98
526 _aP97
526 _aP96
526 _aP95
526 _aP93
526 _aP90
526 _aP89
526 _aP88
526 _aP83
526 _aP82
526 _aP62
526 _aP59
526 _aP58
526 _aP57
526 _aP51
526 _aP49
526 _aP48
526 _aP47
526 _aP29
526 _aP24
526 _aP20
526 _aP19
526 _aP17
526 _aP15
526 _aP14
526 _aP12
526 _aP10
526 _aP09
526 _aP08
526 _aP07
526 _aP06
526 _aP05
526 _aP04
526 _aP01
541 _g0014-013175;
650 0 4 _aComunicaciones vía satélite.
650 0 4 _aTelefonía movil.
700 1 _aEspinosa de los Monteros, Julian,
_ecoordinador.
942 _2ddc
_cBOOK
949 _a384 E86 3
_wDEWEY
_c1
_i55468
_lCCODEBUL1
_mBUL
_p21.00
_r0
_sY
_tBOOK
_u2015-6-25
_xINGENIERIA
_PP27
_0COMPRA
_o.STAFF. Colección General
994 _aC0
_bPEPRU
596 _a1
999 _a384 E86 1
_wDEWEY
_c44361
_i55466
_d44361
_f2021-11-8
_g7
_lCCODEBUL1
_mBUL
_p21.00
_q1
_r0
_sN
_tBOOK
_u2015-6-25
_xEDUCACION
_PP27
_0COMPRA
_o.STAFF. Colección General
980 _81
_gALBERTO SANCHEZ Responsable de Automatización